Geography Analogies #10 - Statistics

General Stats
  • This quiz has been taken 443 times
  • The average score is 8 of 15
Answer Stats
Hint Answer % Correct
Hollywood is to Los Angeles as Bollywood is to _ _ _ _ _ _ Mumbai
91%
Italy is to the Roman Empire as _ _ _ _ _ _ is to the Ottoman Empire Turkey
91%
PNG is to Papua New Guinea as CAR is to the _______ _______ ________ Central African Republic
83%
The flag of the Ivory Coast is to the flag of _ _ _ _ _ _ _ as the flag of Monaco is to the flag of Poland Ireland
65%
Abyssinia is to _ _ _ _ _ _ _ _ as Persia is to Iran Ethiopia
62%
Luzon is to the Philippines as _ _ _ _ _ _ is to Japan Honshu
60%
Bosnia is to _ _ _ _ _ _ _ _ _ _ _ as Saint Vincent is to the _ _ _ _ _ _ _ _ _ _ Herzegovina Grenadines
53%
An oblast is to Russia as a bailiwick is to the _ _ UK
47%
Azerbaijan is to the _ _ _ _ _ _ _ _ as Serbia is to the Balkans Caucasus
44%
The flag of Romania is to the flag of _ _ _ _ as the flag of _ _ _ _ _ _ is to the flag of Indonesia Chad Monaco
40%
_ _ _ _ _ _ falls are to Argentina and Brazil as Niagara falls are to Canada and the USA Iguazu
39%
Tuvalu is to Polynesia as Vanuatu is to _ _ _ _ _ _ _ _ _ Melanesia
32%
The PRC is to China as the _ _ _ _ is to North Korea DPRK
28%
Elvis Presley is to the USA as Fela Kuti is to _ _ _ _ _ _ _ Nigeria
17%
_ _ _ _ _ _ _ _ _ _ is to Iran what Angkor is to Cambodia Persepolis
13%
No matching quizzes found
Score Distribution
Percent of People with Each Score
Percentile by Number Answered
Your Score History
You have not taken this quiz